000 00844nas a2200301 i 4500
001 2749
003 ES-MaACL
005 20250802062535.0
007 t|
008 000211c1991 sp t| | 0 ||pa d
022 _a1133-0668
080 _a(460)
080 _a82
245 0 0 _aRevistAtlántica de poesía.
246 0 3 _aRevista atlántica de poesía
260 _aCádiz :
_bDiputación de Cádiz, Servicio de Publicaciones,
_c1991-
300 _a1 v. ;
_c30 cm.
310 _aCuatrimestral
362 0 _aNº 1 (1991)-
650 7 _aLiteratura
_2embne
_9141583
655 7 _2tgfbne
_9226866
_aRevistas
710 1 _aCádiz (Provincia).
_bDiputación Provincial.
_92268
852 _aES-MaACL
_jHEM-2034
_cHEM
866 0 _o(1998-1999).
942 _2udc
_cPERIODICA
999 _c2749
_d2749